Na jakich stacjach zatrzymuje się S2? - Statystyki

Ogólne statystyki
  • Ten quiz został rozwiązany 6 razy
  • Średni wynik to 13 z 16
Statystyki odpowiedzi
Odpowiedź % Poprawnych
W-wa Ochota
100%
W-wa Powiśle
100%
W-wa Rakowiec
100%
W-wa Rembertów
100%
W-wa Śródmieście
100%
W-wa Stadion
100%
W-wa Wschodnia
100%
Sulejówek
75%
Sulejówek Miłosna
75%
W-wa Lotnisko Chopina
75%
W-wa Wesoła
75%
W-wa Wola Grzybowska
75%
W-wa Zachodnia
75%
W-wa Służewiec
50%
W-wa Żwirki i wigury
50%
W-wa Aleje Jerozolimkie
0%
Nie znaleziono quizów pasujących do podanych kryteriów
Rozkład punktacji
Procent ludzi z każdym wynikiem
Percentyl według liczby udzielonych odpowiedzi
Twoja historia wyników
Nie rozwiązałeś tego quizu